Історія української музики (Запис № 313977)

МАРК-запис
000 -LEADER
fixed length control field 00849nam a22002537a 4500
001 - CONTROL NUMBER
control field 27628
003 - CONTROL NUMBER IDENTIFIER
control field UA-OsUOA
005 - DATE AND TIME OF LATEST TRANSACTION
control field 20210514134936.0
007 - PHYSICAL DESCRIPTION FIXED FIELD--GENERAL INFORMATION
fixed length control field ta
008 - FIXED-LENGTH DATA ELEMENTS--GENERAL INFORMATION
fixed length control field 20040908b un ||||| |||| 00| 0 ukr d
040 ## - CATALOGING SOURCE
Original cataloging agency UA-OsUOA
Language of cataloging ukr
Transcribing agency UA-OsUOA
Modifying agency UA-OsUOA
041 ## - LANGUAGE CODE
Language code of text/sound track or separate title ukr
044 ## - COUNTRY OF PUBLISHING/PRODUCING ENTITY CODE
MARC country code UA
080 ## - UNIVERSAL DECIMAL CLASSIFICATION NUMBER
Universal Decimal Classification number 78(091)
090 ## - LOCALLY ASSIGNED LC-TYPE CALL NUMBER (OCLC); LOCAL CALL NUMBER (OCLC)
Classification number (OCLC) (R) ; Classification number, CALL (RLIN) (NR) 78(091)
Local cutter number (OCLC) ; Book number/undivided call number, CALL (RLIN) Ш85
100 ## - MAIN ENTRY--PERSONAL NAME
Personal name Шреєр-Ткаченко О.Я.
245 ## - TITLE STATEMENT
Title Історія української музики
Remainder of title Розвиток української музичної культури від найдавніших часів до середини ХІХ століття
260 ## - PUBLICATION, DISTRIBUTION, ETC. (IMPRINT)
Place of publication, distribution, etc К.
Name of publisher, distributor, etc Музична Україна
Date of publication, distribution, etc 1980
300 ## - PHYSICAL DESCRIPTION
Extent 200 с.
Other physical details Ілюстрації
650 #7 - SUBJECT ADDED ENTRY--TOPICAL TERM
Source of heading or term UDC
942 ## - ADDED ENTRY ELEMENTS (KOHA)
Koha item type Книги
Source of classification or shelving scheme Universal Decimal Classification
955 ## - COPY-LEVEL INFORMATION (RLIN)
Classification number, CCAL (RLIN) інше
Фонди
Withdrawn status Lost status Source of classification or shelving scheme Damaged status Not for loan Home library Current library Date acquired Cost, normal purchase price Inventory number Total Checkouts Full call number Barcode Date last seen Price effective from Koha item type Collection code Source of acquisition
    Universal Decimal Classification     Наукова бібліотека ІДУД Наукова бібліотека ІДУД 23/02/2009 1.00 2130462   78 Ш85 2130462 15/09/2019 23/02/2009 Книги   213/2009
    Universal Decimal Classification     ЧЗ - Читальна зала ЧЗ - Читальна зала 08/09/2004 10.23 70481   78(091) Ш85 70481 09/02/2022 08/09/2004 Книги    
    Universal Decimal Classification     ЧЗ - Читальна зала ЧЗ - Читальна зала 04/07/2007 7.00 105376   78 Ш85 105376 07/02/2022 04/07/2007 Книги Колекція Крекотня В. І. 120/2007